000 00585nam a22002057a 4500
003 koha_MIRAKIL
005 20231213100222.0
008 231213b |||||||| |||| 00| 0 ||| d
020 _b978-9-75263949-2
040 _aTR-IsEVY
_btur
_cTR-IsEVY
082 _a398.2 SAT
100 _ahazırlayan Nefise Atçakarlar ; resimleyen Halil İncesu.
245 0 _aSatuk Buğra Han
_bdelikanlı kahraman
250 _a5. bs.
260 _bTimaş Yayınları,
_c2015
300 _a77 s.
650 _aDestan edebiyatı, Türk.
650 _aEpic literature, Turkish.
942 _2ddc
_cBK
999 _c16466
_d16466